000 00363 a2200109 4500
001 ART_40191
005 20260410162005.0
008 260409a
245 1 0 _aEl cuerpo humano en el Código Civil y Comercial de la Nación Argentina
100 1 _aParellada, Carlos A.
773 0 _tTemas de derecho civil
_g- Año 2, Nº 9 (sep. 2016)
_wREV34778
999 _c31642
_d31642